| 000 | 02126cam a22003615a 4500 | ||
|---|---|---|---|
| 999 |
_c26229 _d26201 |
||
| 001 | 009413775 | ||
| 003 | EG-ScBUE | ||
| 005 | 20200111114027.0 | ||
| 008 | 990223r20071998enk f b 001 0 eng d | ||
| 020 | _a0521657687 | ||
| 020 | _a9780521657686 (Student's book) | ||
| 040 |
_aDLC _beng _erda _cDLC _dUk _dEG-ScBUE |
||
| 082 | 0 | 4 |
_a808.042 _bLEK _222 |
| 100 | 1 |
_aLeki, Ilona, _eauthor. _98707 |
|
| 245 | 1 | 0 |
_aAcademic writing : _bexploring processes and strategies / _cIlona Leki, University of Tennessee, Knoxville. |
| 250 | _aSecond edition. | ||
| 250 | _aeleventh printing. | ||
| 264 | 1 |
_aCambridge : _bCambridge University Press, _c2007. |
|
| 300 |
_axxix, 433 pages ; _c24 cm |
||
| 336 |
_2rdacontent _atext _btxt |
||
| 337 |
_2rdamedia _aunmediated _bn |
||
| 338 |
_2rdacarrier _avolume _bnc |
||
| 500 | _aIncludes appendices. | ||
| 504 | _aIncludes bibliographical references and index. | ||
| 520 | _aThis book provides instruction on the process writers go through to produce texts. It teaches attention to form, format and accuracy. The central goals of the Student's Book are to teach the process that writers go through to produce texts, and to provide instructions on how to meet the demands of the academy by attention to form and accuracy. One half of the book is devoted to leading the student through the process of writing from observation and experience. About a quarter of the book focuses on helping the student solve the writing problems typical of university-level course work. The remaining part of the book contains an anthology of readings that correspond to the assignments used in the earlier portions of the text. Through an emphasis on the academic applications of writing and on exploring processes and strategies, this text helps students produce, prepare, and polish their writing. | ||
| 650 | 7 |
_aEnglish language _xRhetoric. _2BUEsh _97240 |
|
| 650 | 7 |
_aLearning and scholarship _xAuthorship. _2BUEsh _98709 |
|
| 650 | 7 |
_aExposition (Rhetoric) _2BUEsh _931833 |
|
| 650 | 7 |
_aAcademic writing. _2BUEsh _939859 |
|
| 653 |
_bHHUUEENN _cMarch2018 |
||
| 655 | _vReading book | ||
| 942 |
_2ddc _cBB |
||